000 00794cab a2200253 4500
001 ABS26346
008 090401t1980 xxu||||| |||| 00| 0 eng d
035 _a(Sirsi) u36452
041 _aeng
100 _aAshworth, Allan
245 4 _aThe source, nature and comparison of published cost information
260 _c1980
350 _a0
490 _aBuilding Technology & Management
_v18(3) March 1980, 33-37(5)
520 _aConsiders the various sources and content of published cost information and compares some of the quoted rates.
650 _aBUILT ENVIRONMENT-BUILDING COSTS
650 _aBUILDING PRICE BOOKS
650 _aCOST INFORMATION
650 _aLAXTONS
650 _aSPONS
690 _aBUILT ENVIRONMENT-BUILDING COSTS
942 _n0
948 _c04/03/1997
999 _c23667
_d23667